1283 1421 1599 1119 1104 1432 1492 1210 1753 1663 1031 1168 1564 1334 1473 1396 1867 1888 1367 1923 1989 1811 1298 1647 1825 1554 1814 1494 1731 1458 1168 1959 1672 1501 1853 1511 1778 1322 1343 1128 1278 1023 1405 1470 1345 1338 1783 1549 1143 1493 1473 1838 1325 1327 1128 1837 1137 1498 1378 1678 1897 1237 1313 1132 1836 1454 1629 1560 1452 1623 1343 1986 1320 1022 1452 1422 1717 1026 1446 1487 1785 1591 1232 1369 1038 1264 1452 1862 1733 1471 1585 1533 1552 1331 1719 1279 1759 1918 1021 BCNSPRNW ULIB Ver.6.0+V

เปลี่ยนเป็นภาษาไทย

Change to English
 แสดงรายละเอียดบรรณานุกรม
  กลับหน้าหลัก

Brief Record : Get Marc (ISO 2709) : E-mail record : QR code < ปิดหน้าต่าง
LEADER : 00000nam 2200000uu 4500
001    13399110661
003     ULIB
008    110607s2551||||th 000 0 tha d
024    9789742585181
090    นว^bภ416s 2551
100 0  ภาคินัย
245 00 Lift ลิฟต์ซ่อนศพ^bภาคินัย
260    กรุงเทพฯ :^bโซฟา,2551
300    220 หน้า
945    ^p219^l0^i030130
995    เกษร
999    ^aใช้งานได้ทุกระบบ
รายการนี้ยังไม่มีแท็ก
คุณยังไม่ได้ล็อกอิน คุณสามารถมีกิจกรรมร่วมกับเว็บไซต์ได้ แต่ต้องล็อกอินก่อน ::
  ล็อกอิน

รายการสื่อสารสนเทศ

ลำดับที่ ประเภท เลขเรียก/บาร์โค้ด สถานที่ สถานะ
- ไม่พบข้อมูล -

รายการใกล้เคียง
    ผู้แต่ง [ภาคินัย]

BibComment


ยังไม่เคยถูกคอมเมนท์

คอมเมนท์ทรัพยากรรายการนี้
  คอมเมนท์: Lift ลิฟต์ซ่อนศพ ..


 Copyright 2026. Bcnsprnw @Library